Cien años de soledad /

Guardado en:
Autor Principal: García Márquez, Gabriel José De La Concordia
Formato: Libro
Publicado: Buenos Aires : Sudamericana Planeta, 1997
Edición:111a. ed.
Materias:
Etiquetas: Agregar Etiqueta
Sin Etiquetas, Sea el primero en etiquetar este registro!
LEADER 00920nam a22002775a 4500
001 CEM.cems016793
008 130507s1997##################000#0#####d
005 20230517134402.0
245 1 0 |a Cien años de soledad /  |c Gabriel García Márquez 
250 |a 111a. ed. 
260 |a Buenos Aires :  |b Sudamericana Planeta,  |c 1997 
300 |a 352 p. 
020 |a 9500700298 
100 1 |a García Márquez, Gabriel José De La Concordia 
082 0 4 |a C863.4 
653 |a Literatura 
653 |a Litaratura colombiana 
653 |a Novela 
653 |a Literatura colombiana-siglo xx 
653 |a Narrativa 
653 |a Boom latinoamericanoo 
653 |a Narrativa 
653 |a Realismo mágico 
859 |a CEMS  |b BIB. CEMS - Agricultura  |h C863.4  |i G165-6  |p A0198.00  |t Ej.1 
859 |a CEMS  |b BIB. CEMS - Agricultura  |h C863.4  |i G165-9a125  |p A0511.04  |t Ej.1 
859 |a CEMS  |b BIB. CEMS - Agricultura  |h C863.4  |i G165-6  |p A3598.23  |t Ej.2